000 00694nam a2200253Ia 4500
003 OSt
005 20220918185045.0
006 a|||||r|||| 00| 0
007 ta
008 220917b |||||||| |||| 00| 0 eng d
024 _a49,380
037 _cTextual
040 _aARTS
_cARTS
_beng
041 _2eng
_aeng
082 _aP:2, M3
100 _aStubbs Micheal
_967618
245 0 _aDiscourse analysis ; the sooiclinguistic analyisi of nature language
260 _aOxford
_bBasil Blackwell
_c1983
300 _axiv,272p.
_ccm.
490 _aLanguage and society; 4
650 _aLINGUISTICS
942 _hP:2, M3
_cTEXL
_2CC
999 _c179004
_d179004